1891 1924 1736 1872 1986 1518 1829 1426 1587 1023 1002 1875 1948 1495 1649 1488 1557 1115 1111 1918 1516 1645 1865 1204 1103 1844 1884 1868 1630 1619 1646 1818 1518 1496 1922 1726 1849 1783 1441 1164 1214 1650 1726 1931 1882 1634 1655 1730 1385 1802 1639 1744 1898 1200 1513 1884 1373 1826 1051 1454 1305 1460 1540 1132 1415 1232 1461 1541 1503 1699 1105 1744 1115 1577 1326 1100 1119 1591 1750 1585 1658 1218 1794 1479 1500 1312 1760 1084 1625 1042 1692 1582 1703 1470 1897 1617 1872 1675 1594 BCNSPRNW ULIB Ver.6.0+V

เปลี่ยนเป็นภาษาไทย

Change to English
 แสดงรายละเอียดบรรณานุกรม
  กลับหน้าหลัก

Brief Record : Get Marc (ISO 2709) : E-mail record : QR code < ปิดหน้าต่าง
LEADER : 00000nam 2200000uu 4500
001    13399111602
003     ULIB
008    110627s||||||||th 000 0 tha d
020    9786115210091
090    นว.^bม289ค 2552
100 0  มักเน
245 00 คำสั่งรัก/^cมักเน
250    พิมพ์ครั้งที่ 1
260    กรุงเทพฯ :^bมธุรดา,^c2552
300    220 หน้า
945    ^p159^l0^i026020
995    ทศพร
999 ^a ใช้งานได้ทุกระบบ
รายการนี้ยังไม่มีแท็ก
คุณยังไม่ได้ล็อกอิน คุณสามารถมีกิจกรรมร่วมกับเว็บไซต์ได้ แต่ต้องล็อกอินก่อน ::
  ล็อกอิน

รายการสื่อสารสนเทศ

ลำดับที่ ประเภท เลขเรียก/บาร์โค้ด สถานที่ สถานะ
- ไม่พบข้อมูล -

รายการใกล้เคียง
    ผู้แต่ง [มักเน]

BibComment


ยังไม่เคยถูกคอมเมนท์

คอมเมนท์ทรัพยากรรายการนี้
  คอมเมนท์: คำสั่งรัก มักเน


 Copyright 2026. Bcnsprnw @Library